00447 2200181 4500001002100000005001500021008004100036020002200077035001900099041000700118082001000125090001600135100002000151245003600171250001000207260002300217300002500240INLIS00000000002260820241224131323241224||||||||| | ||| |||| || |  a978-602-8535-77-9 0010-1224022608 aid0 a792.2 a792.2 IRM s0 aIrma Susilowati00a99+ EKSPRESI HUMOR UNTUK ANANDA aCet.1 aJakartabKDTc2010 axiv , 114 hlm, 19 cm